| 000 | 00313nam a22001097a 4500 | ||
|---|---|---|---|
| 008 | 230704b xxu||||| |||| 00| 0 eng d | ||
| 082 |
_a342 _bCKRC 2002 |
||
| 245 | _aTaarifa ya Tume ya Marekebisho ya Katiba ya Kenya | ||
| 260 |
_bTume ya Marekebisho ya Katiba ya Kenya _c2002 |
||
| 300 | _aXIX,402p | ||
| 942 |
_2ddc _cBK |
||
| 999 |
_c3597 _d3597 |
||